banner koha

Desempenho reprodutivo de bovinos de corte da raça Brangus e sua relação com os meses da estação de parturição no Sul brasileiro (Registro n. 240355)

MARC details
000 -LÍDER
campo de controle de tamanho fixo 01007nas a2200313 4500
001 - NÚMERO DE CONTROLE
campo de controle BR2014006903
003 - IDENTIFICADOR DO NÚMERO DE CONTROLE
campo de controle BR-BrBNA
005 - DATA E HORÁRIO DA ÚLTIMA TRANSAÇÃO
campo de controle 20231205124659.0
007 - CAMPO FIXO DE DESCRIÇÃO FÍSICA--INFORMAÇÃO GERAL
campo de controle de tamanho fixo ta
008 - CAMPO DE DADOS FIXOS--INFORMAÇÃO GERAL
campo de controle de tamanho fixo 230509b bl.|||p| |||| 00| 00por d
040 ## - FONTE DA CATALOGAÇÃO
Instituição da catalogação original BR-BrBNA
Idioma da catalogação por
Instituição que transcreveu o registro Biblioteca Nacional de Agricultura
041 ## - CÓDIGO DE IDIOMA
Código do idioma do texto/trilha sonora ou título diferente (Pt)
072 ## - CÓDIGO DE CATEGORIA DE ASSUNTO
Código de Categoria de Assunto L53
100 1# - ENTRADA PRINCIPAL--NOME PESSOAL
Nome pessoal Knapik, K.
100 1# - ENTRADA PRINCIPAL--NOME PESSOAL
Nome pessoal Kozicki, L.E.
100 1# - ENTRADA PRINCIPAL--NOME PESSOAL
Nome pessoal Segui, M.S.
100 1# - ENTRADA PRINCIPAL--NOME PESSOAL
Nome pessoal Pereira, A.
100 1# - ENTRADA PRINCIPAL--NOME PESSOAL
Nome pessoal Breda, J.C. dos S.
100 1# - ENTRADA PRINCIPAL--NOME PESSOAL
Nome pessoal Pimpão, C.T.
100 1# - ENTRADA PRINCIPAL--NOME PESSOAL
Nome pessoal Weiss, R.R.
100 1# - ENTRADA PRINCIPAL--NOME PESSOAL
Nome pessoal Santos, I.W. dos
245 1# - TÍTULO
Título Desempenho reprodutivo de bovinos de corte da raça Brangus e sua relação com os meses da estação de parturição no Sul brasileiro
650 ## - ASSUNTO--TERMO TÓPICO
Cabeçalho tópico ou nome geográfico GADO DE CORTE
650 ## - ASSUNTO--TERMO TÓPICO
Cabeçalho tópico ou nome geográfico PRENHEZ
650 ## - ASSUNTO--TERMO TÓPICO
Cabeçalho tópico ou nome geográfico REPRODUÇÃO ANIMAL
773 0# - ENTRADA ANALÍTICA
Título Revista Acadêmica. Ciências Agrárias e Ambientais (Brazil)
ISSN - International Standard Serial Number ISSN 0103-989X
Partes relacionadas (Jul-Sep 2011), v. 9(3) p. 263-269
Número de controle do registro BR2014006903
909 ## -
-- 202311
-- Lúcia
-- 55
-- Lúcia Elande
942 ## - ELEMENTOS DE ENTRADA ADICIONADOS (KOHA)
Fonte da classificação ou esquema de arquivamento na estante Classificação AGRIS
Ocultar no OPAC Não
Tipo de material Koha Analítica
Exemplares
Situação do descarte Fonte da classificação ou esquema de arquivamento na estante Situação física Não pode ser emprestado Biblioteca de origem Biblioteca atual Localização na estante Enumeração do periódico / cronologia Total de empréstimos Data de último acesso Número do exemplar Tipo de material Koha Fonte de aquisição
  Classificação AGRIS   Consulta local Biblioteca Nacional de Agricultura - Binagri Biblioteca Nacional de Agricultura - Binagri   (Jul-Sep 2011), v. 9(3) p. 263-269   29/11/2023 01 Periódicos Portaria Interministerial nº 164/94

BINAGRI

Telefone: (61)3218-2567/2388/3357/2097 - binagri@agro.gov.br

Ministério da Agricultura e Pecuária , Esplanada dos Ministérios, Bloco D, Anexo B, Brasília/DF, CEP: 70.043-900